000 00396nam a2200169Ia 4500
008 230524s9999 xx 000 0 und d
020 _a818562321X
082 _a5.136
_bPAR
100 _aStephen Parate
_92848
245 0 _aC++ Primer Plus
250 _a3RD
260 _aNEW DELHI
_bGolgotia
_c1999
300 _aXIII;814
500 _aQuantity Number: 1
650 _aComp-Sc
942 _cBK
999 _c4840
_d4840